Landen met een letter - H - Statistieken

Algemene statistieken
  • Deze quiz is 206 keer genomen
  • De gemiddelde score is 15 van 22
Antwoordstatistieken
Categorie Land % Correct
1 x H Hongarije
97%
1 x H Honduras
94%
1 x H Haïti
92%
1 x H Afghanistan
78%
1 x H Chili
75%
1 x H Bhutan
72%
1 x H Thailand
72%
1 x H Bosnië en Herzegovina
69%
1 x H Seychellen
69%
1 x H Bangladesh
67%
1 x H China
67%
1 x H Ethiopië
67%
1 x H Ghana
67%
1 x H Marshalleilanden
67%
1 x H Kazachstan
64%
1 x H Verenigde Arabische Emiraten
64%
1 x H Bahrein
61%
1 x H Lesotho
61%
1 x H Tsjechië
61%
1 x H Bahama's
58%
1 x H Liechtenstein
58%
1 x H Democratische Republiek Congo
56%
Geen overeenkomende quizzen gevonden
Scoreverdeling
Procent van Mensen met Elke Score
Percentiel versus Aantal Correcte Antwoorden
Uw Scoregeschiedenis
U heeft deze quiz nog niet genomen